[Event "Olympiad Women-43"]
[Site "Batumi"]
[Date "2018.10.04"]
[Round "10.1"]
[White "Houska, Jovanka"]
[Black "Aseel, Odeh"]
[Result "1-0"]
[WhiteElo "2402"]
[BlackElo "1647"]
[PlyCount "69"]
[EventDate "2018.09.24"]
[EventType "team-swiss"]
[EventRounds "11"]
[EventCountry "GEO"]
[SourceTitle "EXT 2020"]
[Source "ChessBase"]
[SourceDate "2019.10.17"]
[SourceVersion "1"]
[SourceVersionDate "2019.10.17"]
[SourceQuality "1"]
[WhiteTeam "England (W)"]
[BlackTeam "Jordan (W)"]
[WhiteTeamCountry "ENG"]
[BlackTeamCountry "JOR"]

1. Nf3 Nf6 2. d4 g6 3. g3 Bg7 4. Bg2 d6 5. 0-0 0-0 6. b3 Nbd7 7. Bb2 c5 8. c4 b6 9. dxc5 Nxc5 10. Nd4 Bb7 11. Nc3 Qd7 12. Nd5 Nxd5 13. cxd5 a5 14. Rc1 Qg4 15. Qd2 Ne4 16. Qe3 Nf6 17. Nc6 Bxc6 18. dxc6 e6 19. Ba3 Qh5 20. Bf3 Ng4 21. Bxg4 Qxg4 22. Bxd6 Rfc8 23. Qxb6 Qxe2 24. a4 Qd2 25. Rfd1 Qe2 26. Bf4 e5 27. Be3 Ra6 28. Rd8+ Bf8 29. Rxc8 Rxb6 30. Bxb6 Qd2 31. Be3 Qd6 32. Bh6 Qe7 33. Rxf8+ Qxf8 34. Bxf8 Kxf8 35. c7 1-0

[Event "Olympiad Women-43"]
[Site "Batumi"]
[Date "2018.10.03"]
[Round "9.1"]
[White "Aseel, Odeh"]
[Black "Golubenko, Valentina"]
[Result "0-1"]
[WhiteElo "1647"]
[BlackElo "2254"]
[PlyCount "114"]
[EventDate "2018.09.24"]
[EventType "team-swiss"]
[EventRounds "11"]
[EventCountry "GEO"]
[SourceTitle "EXT 2020"]
[Source "ChessBase"]
[SourceDate "2019.10.17"]
[SourceVersion "1"]
[SourceVersionDate "2019.10.17"]
[SourceQuality "1"]
[WhiteTeam "Jordan (W)"]
[BlackTeam "Croatia (W)"]
[WhiteTeamCountry "JOR"]
[BlackTeamCountry "CRO"]

1. d4 d5 2. Nf3 Nf6 3. c3 e6 4. Bg5 c5 5. e3 Nbd7 6. Nbd2 Be7 7. Bd3 0-0 8. Rc1 b6 9. Bb1 Bb7 10. Qc2 Ne4 11. Bxe7 Qxe7 12. 0-0 f5 13. Ne5 cxd4 14. exd4 Nxe5 15. dxe5 Qc7 16. Nf3 Ba6 17. Rfe1 Rae8 18. Qa4 Bb7 19. Qd4 Qe7 20. c4 dxc4 21. Rxc4 Rd8 22. Qe3 Bd5 23. Rcc1 f4 24. Qd3 Bb7 25. Qc2 Rc8 26. Qd3 Rxc1 27. Rxc1 Rd8 28. Qc2 g6 29. Qe2 Nc5 30. h3 Ba6 31. Qc2 Bd3 32. Qc3 Bxb1 33. Rxb1 Qf7 34. Rc1 Kg7 35. Qc4 h6 36. Nd4 Rd5 37. Nf3 Nd3 38. Rc2 g5 39. Rd2 Qd7 40. Rc2 Rc5 41. Qb3 Nc1 42. Rxc1 Rxc1+ 43. Kh2 Qd1 44. Qxd1 Rxd1 45. b3 Kg6 46. g3 Kf5 47. g4+ Ke4 48. Kg2 Rd3 49. Ne1 f3+ 50. Kg3 Rc3 51. h4 gxh4+ 52. Kxh4 Rc1 53. Kh5 Rxe1 54. Kxh6 Kf4 55. g5 Rh1+ 56. Kg7 Kxg5 57. Kf7 Kf5 0-1

[Event "Olympiad Women-43"]
[Site "Batumi"]
[Date "2018.09.26"]
[Round "3.35"]
[White "Maksimovic, Masa"]
[Black "Aseel, Odeh"]
[Result "1-0"]
[WhiteElo "2130"]
[BlackElo "1647"]
[PlyCount "117"]
[EventDate "2018.09.24"]
[EventType "team-swiss"]
[EventRounds "11"]
[EventCountry "GEO"]
[SourceTitle "EXT 2020"]
[Source "ChessBase"]
[SourceDate "2019.10.17"]
[SourceVersion "1"]
[SourceVersionDate "2019.10.17"]
[SourceQuality "1"]
[WhiteTeam "Bosnia&Herzegovina (W)"]
[BlackTeam "Jordan (W)"]
[WhiteTeamCountry "BIH"]
[BlackTeamCountry "JOR"]

1. e4 b6 2. d4 Bb7 3. f3 e6 4. Be3 Nf6 5. Nc3 Bb4 6. Nge2 Bxc3+ 7. Nxc3 d6 8. Qd2 Nbd7 9. 0-0-0 Qe7 10. Nb5 Qd8 11. Qc3 0-0 12. Qxc7 Qxc7 13. Nxc7 Rac8 14. Nb5 d5 15. Nd6 Rc7 16. Nxb7 Rxb7 17. Ba6 Rbb8 18. Bf4 Rbd8 19. Bc7 Rc8 20. Bd6 Rfd8 21. Bxc8 Rxc8 22. exd5 Nxd5 23. Kb1 Ne3 24. Rd2 Nc4 25. Bf4 Nxd2+ 26. Bxd2 Nf6 27. c3 Rd8 28. Bg5 Rd5 29. Bxf6 gxf6 30. Kc2 Kf8 31. Rd1 Ke7 32. c4 Rh5 33. h3 Kd6 34. Kc3 Kc6 35. Re1 Kd6 36. Re4 Rg5 37. Rg4 h5 38. Rxg5 fxg5 39. g3 f6 40. Kd3 f5 41. Ke3 e5 42. dxe5+ Kxe5 43. f4+ gxf4+ 44. gxf4+ Kd6 45. Kd4 h4 46. b4 a6 47. c5+ bxc5+ 48. bxc5+ Kc6 49. Kc4 a5 50. a4 Kd7 51. Kb5 Kc7 52. c6 Kc8 53. Kxa5 Kc7 54. Kb5 Kc8 55. Kb6 Kb8 56. c7+ Kc8 57. a5 Kd7 58. Kb7 Ke7 59. c8Q 1-0

[Event "Sharjah Cup (Women) 7th"]
[Site "Sharjah"]
[Date "2016.12.24"]
[Round "7"]
[White "Razh, Amalia"]
[Black "Aseel, Odeh"]
[Result "0-1"]
[WhiteElo "1967"]
[BlackElo "1530"]
[PlyCount "78"]
[EventDate "2016.12.18"]
[EventType "swiss"]
[EventRounds "9"]
[EventCountry "UAE"]
[SourceTitle "CBM 176 Extra"]
[Source "ChessBase"]
[SourceDate "2017.03.02"]
[SourceVersion "1"]
[SourceVersionDate "2017.03.02"]
[SourceQuality "1"]

1. a3 d5 2. Nc3 c6 3. Nf3 Nf6 4. d3 Bf5 5. g3 e6 6. Bg2 Bd6 7. 0-0 0-0 8. Nh4 Bg6 9. Nxg6 fxg6 10. e4 Nbd7 11. b4 Qb6 12. Na4 Qa6 13. Nb2 Bxb4 14. e5 Nxe5 15. Qe2 Bc3 16. Rb1 Nf7 17. Qxe6 Rae8 18. Qh3 Qb6 19. Be3 Qa5 20. Nd1 d4 21. Bf4 g5 22. Nxc3 dxc3 23. Rxb7 gxf4 24. Bxc6 Re5 25. g4 Nxg4 26. Bg2 Nf6 27. Qf3 Rg5 28. Kh1 Rg4 29. Rg1 Ng5 30. Qc6 f3 31. Bf1 Rxg1+ 32. Kxg1 Nh3+ 33. Kh1 Nxf2+ 34. Kg1 Qg5+ 35. Kxf2 Ng4+ 36. Kg1 Ne5+ 37. Kh1 Nxc6 38. Rb1 f2 39. Bg2 Re8 0-1

[Event "Sharjah Cup (Women) 7th"]
[Site "Sharjah"]
[Date "2016.12.19"]
[Round "2"]
[White "Aseel, Odeh"]
[Black "Gaboyan, Susanna"]
[Result "0-1"]
[WhiteElo "1530"]
[BlackElo "2138"]
[PlyCount "132"]
[EventDate "2016.12.18"]
[EventType "swiss"]
[EventRounds "9"]
[EventCountry "UAE"]
[SourceTitle "CBM 176 Extra"]
[Source "ChessBase"]
[SourceDate "2017.03.02"]
[SourceVersion "1"]
[SourceVersionDate "2017.03.02"]
[SourceQuality "1"]

1. e4 c5 2. Nf3 Nc6 3. Bb5 g6 4. Bxc6 dxc6 5. Nc3 Bg7 6. d3 Bg4 7. h3 Bxf3 8. Qxf3 Nf6 9. Bg5 Nd7 10. 0-0 Nf8 11. Qe2 Ne6 12. Be3 Nd4 13. Qd2 0-0 14. Ne2 e5 15. f4 exf4 16. Nxf4 Qe7 17. a4 c4 18. Qf2 Rad8 19. c3 Nb3 20. Ra3 b6 21. Re1 Na5 22. Bd4 cxd3 23. Nxd3 Nc4 24. Ra2 Bxd4 25. cxd4 Qd6 26. b3 Qxd4 27. Qxd4 Rxd4 28. bxc4 Rxd3 29. a5 Rfd8 30. axb6 axb6 31. Ra6 Rb3 32. Kf1 Rd2 33. Re2 Rd1+ 34. Kf2 Rc1 35. Ra4 Rcb1 36. Ra8+ Kg7 37. Rc8 c5 38. e5 R1b2 39. Rc7 Rxe2+ 40. Kxe2 Kf8 41. Rb7 h5 42. h4 Rc3 43. Rxb6 Rxc4 44. Kf3 Rxh4 45. e6 fxe6 46. Rxe6 Kf7 47. Re5 Rc4 48. Rd5 Kf6 49. Rd6+ Kg5 50. Rd5+ Kh4 51. g3+ Kh3 52. Rd1 Rc3+ 53. Kf4 Rxg3 54. Rc1 c4 55. Rh1+ Kg2 56. Rc1 g5+ 57. Ke4 c3 58. Rc2+ Kf1 59. Kd4 h4 60. Kc4 h3 61. Kd4 Rf3 62. Ke4 g4 63. Kd4 g3 64. Ke4 h2 65. Kxf3 h1Q+ 66. Rg2 Qxg2+ 0-1

[Event "Olympiad Women-42"]
[Site "Baku"]
[Date "2016.09.04"]
[Round "3.35"]
[White "Aseel, Odeh"]
[Black "Smith, Olivia"]
[Result "0-1"]
[WhiteElo "1547"]
[BlackElo "2002"]
[PlyCount "50"]
[EventDate "2016.09.02"]
[EventType "team-swiss"]
[EventRounds "11"]
[EventCountry "AZE"]
[SourceTitle "CBM 174 Extra"]
[Source "ChessBase"]
[SourceDate "2016.10.10"]
[SourceVersion "1"]
[SourceVersionDate "2016.10.10"]
[SourceQuality "1"]
[WhiteTeam "Jordan (W)"]
[BlackTeam "Wales (W)"]
[WhiteTeamCountry "JOR"]
[BlackTeamCountry "WLS"]

1. e4 e5 2. Nf3 Nf6 3. Nc3 Nc6 4. Bb5 Bb4 5. 0-0 0-0 6. d3 Nd4 7. Nxd4 exd4 8. Ne2 d5 9. e5 Ng4 10. Nxd4 Nxe5 11. Qh5 Bd6 12. h3 a6 13. Ba4 c5 14. Nf3 g6 15. Qh6 Nxf3+ 16. gxf3 b5 17. Bb3 c4 18. dxc4 dxc4 19. Rd1 Bh2+ 20. Kxh2 Qxd1 21. Bg5 Qxf3 22. Rf1 Bb7 23. Qxf8+ Rxf8 24. Rg1 Qxf2+ 25. Rg2 Qxg2# 0-1

[Event "Asian Continental op (Women) 14th"]
[Site "Al Ain"]
[Date "2015.08.08"]
[Round "7"]
[White "Aseel, Odeh"]
[Black "Al Rufaye, Iman Hasan Mohammed"]
[Result "0-1"]
[WhiteElo "1588"]
[BlackElo "2088"]
[PlyCount "92"]
[EventDate "2015.08.02"]
[EventType "swiss"]
[EventRounds "9"]
[EventCountry "UAE"]
[SourceTitle "CBM 167 Extra"]
[Source "ChessBase"]
[SourceDate "2015.09.14"]
[SourceVersion "1"]
[SourceVersionDate "2015.09.14"]
[SourceQuality "1"]

1. e4 e5 2. Nf3 Nc6 3. Bb5 a6 4. Ba4 Nf6 5. 0-0 Be7 6. Nc3 b5 7. Bb3 d6 8. h3 0-0 9. d3 Na5 10. Be3 Nxb3 11. axb3 Bb7 12. Qd2 Re8 13. Ne2 d5 14. exd5 Qxd5 15. Ng3 Rad8 16. Nf5 Bf8 17. Ng3 Qe6 18. Qe2 h6 19. Rad1 Nd5 20. Rfe1 Nxe3 21. Qxe3 Qc6 22. Qd2 Bc5 23. Ne4 Bb6 24. Re2 f5 25. Ng3 e4 26. Ne1 exd3 27. cxd3 Qg6 28. Qf4 Rxe2 29. Nxe2 Qe6 30. Ng3 Qxb3 31. Rc1 Qxb2 32. Nxf5 Qf6 33. Qg4 Bc8 34. Qh4 Bxf5 35. Qxf6 gxf6 36. Rd1 Ba5 37. Kf1 c5 38. Rc1 Bb4 39. g4 Bg6 40. f4 Bxd3+ 41. Nxd3 Rxd3 42. Kg2 c4 43. Rb1 a5 44. f5 c3 45. Re1 c2 46. Rc1 Rc3 0-1

[Event "Asian Continental op (Women) 14th"]
[Site "Al Ain"]
[Date "2015.08.06"]
[Round "5"]
[White "Aseel, Odeh"]
[Black "Boshra, Alshaeby"]
[Result "1/2-1/2"]
[WhiteElo "1588"]
[BlackElo "1987"]
[PlyCount "119"]
[EventDate "2015.08.02"]
[EventType "swiss"]
[EventRounds "9"]
[EventCountry "UAE"]
[SourceTitle "CBM 167 Extra"]
[Source "ChessBase"]
[SourceDate "2015.09.14"]
[SourceVersion "1"]
[SourceVersionDate "2015.09.14"]
[SourceQuality "1"]

1. e4 c5 2. Nf3 d6 3. Nc3 Nf6 4. Bb5+ Bd7 5. Bxd7+ Nbxd7 6. d3 g6 7. 0-0 Bg7 8. Bg5 0-0 9. Qd2 Re8 10. Bh6 Bh8 11. h3 Qa5 12. Nh4 b5 13. a3 b4 14. axb4 Qxb4 15. f4 a5 16. f5 Ne5 17. Kh1 Nh5 18. Kh2 Nc6 19. g4 Be5+ 20. Kg2 Ng3 21. Rfb1 Nd4 22. Nf3 Nge2 23. Ra4 Nxf3 24. Qxe2 Nd4 25. Qf2 Qb7 26. fxg6 fxg6 27. Rf1 e6 28. Rxa5 Rac8 29. Raa1 Bg7 30. Bxg7 Kxg7 31. Qf6+ Kg8 32. Rf2 Rf8 33. Qh4 Rxf2+ 34. Qxf2 Qxb2 35. Rf1 Qxc2 36. Qxc2 Nxc2 37. Rf6 Ne1+ 38. Kg3 Re8 39. Nb5 d5 40. Nc7 Rb8 41. Nxe6 dxe4 42. Nxc5 exd3 43. Rd6 Rc8 44. Kf2 Rxc5 45. Kxe1 Rc1+ 46. Kd2 Rc2+ 47. Kd1 Kg7 48. Rxd3 Rh2 49. Ke1 Kh6 50. Kf1 Kg5 51. Kg1 Rb2 52. Rf3 Kh4 53. Kh1 g5 54. Kg1 Rb4 55. Kg2 Rb1 56. Kh2 Rb2+ 57. Kh1 h5 58. gxh5 Kxh5 59. Kg1 Kh4 60. Kh1 1/2-1/2

[Event "Asian Continental op (Women) 14th"]
[Site "Al Ain"]
[Date "2015.08.02"]
[Round "1"]
[White "Mohota, Nisha"]
[Black "Aseel, Odeh"]
[Result "1-0"]
[WhiteElo "2259"]
[BlackElo "1588"]
[PlyCount "53"]
[EventDate "2015.08.02"]
[EventType "swiss"]
[EventRounds "9"]
[EventCountry "UAE"]
[SourceTitle "CBM 167 Extra"]
[Source "ChessBase"]
[SourceDate "2015.09.14"]
[SourceVersion "1"]
[SourceVersionDate "2015.09.14"]
[SourceQuality "1"]

1. d4 d5 2. c4 c6 3. Nc3 Nf6 4. e3 Bf5 5. cxd5 Nxd5 6. Nf3 e6 7. Be2 Nd7 8. 0-0 Bd6 9. Bd3 Bg6 10. e4 Nxc3 11. bxc3 0-0 12. Rb1 Rb8 13. Bg5 f6 14. Be3 Qc7 15. h3 b6 16. Nh4 Bf7 17. f4 e5 18. Nf5 Rbd8 19. Qg4 g6 20. fxe5 fxe5 21. Nh6+ Kg7 22. Nxf7 Rxf7 23. Bh6+ Kg8 24. Rxf7 Kxf7 25. Bc4+ Ke8 26. Qe6+ Be7 27. Qf7# 1-0

[Event "Arab-ch U14 Girls"]
[Site "Amman"]
[Date "2014.08.25"]
[Round "5.2"]
[White "Yamama, Asif"]
[Black "Aseel, Odeh"]
[Result "1-0"]
[WhiteElo "1479"]
[BlackElo "1589"]
[PlyCount "67"]
[EventDate "2014.08.22"]
[EventType "swiss"]
[EventRounds "9"]
[EventCountry "JOR"]
[SourceTitle "EXT 2024"]
[Source "ChessBase"]
[SourceDate "2023.10.10"]
[SourceVersion "1"]
[SourceVersionDate "2023.10.10"]
[SourceQuality "1"]

1. e4 e5 2. Nf3 Nc6 3. Bb5 g6 4. d4 exd4 5. Nxd4 Bg7 6. Nxc6 bxc6 7. Bc4 Nf6 8. Nc3 0-0 9. 0-0 Re8 10. Re1 Qe7 11. Bd3 h6 12. Bf4 d6 13. e5 dxe5 14. Rxe5 Be6 15. Re1 g5 16. Bd2 Ng4 17. Bf5 Nxf2 18. Qf3 Bd4 19. Be3 Qc5 20. Bxe6 Bxe3 21. Qxf7+ Kh8 22. Qf6+ Kh7 23. Bf5+ Kg8 24. Qg6+ Kf8 25. Qxh6+ Kg8 26. Be6+ Rxe6 27. Qxe6+ Kh7 28. Qxe3 Qxe3 29. Rxe3 Ng4 30. Re7+ Kg6 31. Rxc7 Rb8 32. b3 Ne5 33. Re1 Ng4 34. Rxc6+ 1-0

[Event "Wch U12 Girls"]
[Site "Al Ain"]
[Date "2013.12.27"]
[Round "10"]
[White "Iyengar, Sharanya"]
[Black "Aseel, Odeh"]
[Result "1-0"]
[WhiteElo "1528"]
[BlackElo "1680"]
[PlyCount "141"]
[EventDate "2013.12.18"]
[EventType "swiss"]
[EventRounds "11"]
[EventCountry "UAE"]
[SourceTitle "CBM 158 Extra"]
[Source "ChessBase"]
[SourceDate "2014.02.28"]
[SourceVersion "1"]
[SourceVersionDate "2014.02.28"]
[SourceQuality "1"]

1. d4 d5 2. Nf3 Nf6 3. e3 g6 4. Bd3 Bg7 5. Nbd2 Nbd7 6. c3 c5 7. h3 0-0 8. 0-0 Re8 9. b3 b6 10. Bb5 a6 11. Bc6 Rb8 12. Ne5 Qc7 13. Ba3 Rd8 14. Nxd7 Bxd7 15. Bxd7 Nxd7 16. Rc1 e6 17. Qe2 a5 18. Nf3 Rbc8 19. Ng5 h6 20. Nf3 Nf6 21. c4 Ne4 22. Bb2 Nd6 23. cxd5 exd5 24. dxc5 bxc5 25. Bxg7 Kxg7 26. Rfd1 Ne4 27. Ne1 Qe5 28. Nd3 Qf6 29. Qc2 Qd6 30. Nf4 Qc6 31. Kh2 g5 32. Nh5+ Kf8 33. f3 Nf6 34. Nxf6 Qxf6 35. Qe2 Qe5+ 36. Kg1 d4 37. Kf2 dxe3+ 38. Qxe3 Qxe3+ 39. Kxe3 Rxd1 40. Rxd1 Re8+ 41. Kd3 Rd8+ 42. Kc2 Rxd1 43. Kxd1 Ke7 44. Ke2 Ke6 45. Ke3 Ke5 46. g3 f6 47. g4 f5 48. a3 fxg4 49. fxg4 Kd5 50. Kd3 Ke5 51. Kc4 Kd6 52. Kb5 Kd5 53. Kxa5 c4 54. Kb4 cxb3 55. Kxb3 Kc5 56. a4 Kb6 57. Kb4 Ka6 58. a5 Ka7 59. Kb5 Kb7 60. Kc5 Ka6 61. Kd6 Kxa5 62. Ke6 Kb6 63. Kf6 Kc6 64. Kg6 Kd7 65. Kxh6 Ke7 66. Kxg5 Kf7 67. Kh6 Kg8 68. g5 Kf7 69. Kh7 Kf8 70. g6 Ke7 71. g7 1-0